|
|
|
|
| LEADER |
00000nas a2200000 i 4500 |
| 001 |
ssj0001076673 |
| 003 |
WaSeSS |
| 005 |
20200512172242.0 |
| 006 |
m d |
| 007 |
cr n |
| 008 |
131221c20uu9999ae f| p|s|||||| |0eng d |
| 035 |
|
|
|a (WaSeSS)ssj0001076673
|
| 040 |
|
|
|a WaSeSS
|b eng
|c WaSeSS
|d WaSeSS
|
| 050 |
1 |
4 |
|a QE1
|
| 245 |
0 |
0 |
|a Nature & technology
|h [electronic resource].
|
| 246 |
1 |
|
|a Nature and technology
|
| 260 |
|
|
|a Algeria :
|b Hassiba Benbouali University of Chlef/Université Hassiba Benbouali de Chlef
|
| 310 |
|
|
|a Semiannual
|
| 506 |
|
|
|a License restrictions may limit access.
|
| 588 |
|
|
|a Description based on: Number 1 (June 2009); title from article pdf (ProQuest, viewed Dec. 21, 2013).
|
| 588 |
|
|
|a Latest issue consulted: Issue Number 9 (2013) (viewed Dec. 21, 2013).
|
| 650 |
|
0 |
|a Earth sciences
|v Periodicals.
|
| 655 |
|
0 |
|a Electronic journals.
|
| 776 |
0 |
8 |
|i Print version:
|t Nature & technology
|x 1112-9778
|
| 856 |
4 |
0 |
|z Full text available from Research Library: 06/01/2009 to present
|u https://search.proquest.com/publication/1456349
|